| 000 | 00439nam a22001697a 4500 | ||
|---|---|---|---|
| 003 | NUST - PNEC | ||
| 005 | 20170116181141.0 | ||
| 008 | 151008b xxu||||| |||| 00| 0 eng d | ||
| 020 | _a- | ||
| 040 | _cLIBRARY | ||
| 082 | _a624.171 BOL | ||
| 100 |
_914656 _aBolotin, V. V. |
||
| 245 |
_aStatistical methods in structural mechanics _cV. V. Bolotin |
||
| 260 | _cc.1969 | ||
| 650 |
_914660 _aStructural Mechanics _xME |
||
| 942 |
_2ddc _cBK |
||
| 999 |
_c70487 _d70487 |
||